000 00433cam a2200181ua 4500
001 5407
005 20260515113858.0
008 120901n ii |||gr||||Z||||||eng
040 _cMAIN
082 _a823
100 _aOrwell, George,
_eAuthor,
245 1 1 _aAnimal farm
_cby George Orwell
250 _a1st.
260 _aLudhiana:
_bKalyani Publishers,
_c1995.
300 _a136p:
_c15cm.
653 _aEnglish fiction
942 _cBK
999 _c4584
_d4584